000 00756nam a2200229Ia 4500
003 GCL
008 140319s9999 xx 000 0 ara d
040 _aGCL /
_cGCL
082 0 4 _aق
_b916.2
_bف ب
100 1 _aفتحى محمد مصيلحى
245 1 0 _aبحوث فى جغرافية مصر /
_cفتحى محمد مصيلحى
260 _a[S.N] :
_bالمؤلف ،
_c1993
300 _a458 ص ؛
_c24سم
650 0 4 _aالتنمية الاقتصادية
650 0 4 _aالجغرافيا الاقتصادية
650 0 4 _aالسكان
650 0 4 _aالجغرافيا الزراعية
650 0 4 _aالتنمية الريفية
650 0 4 _aمصر - جغرافيا
650 0 4 _aالجغرافيا الاقليمية
942 _2ddc
_cBK
999 _c36910
_d36910